|
|
|
|
| LEADER |
00000nab a2200000 a 4500 |
| 001 |
vtls010552382 |
| 003 |
SK-MaSNL |
| 005 |
20260303085518.0 |
| 008 |
131021c2013 xo wr n 0 0slo |
| 038 |
|
|
|a SLLK
|
| 040 |
|
|
|a SLLK
|b slo
|c sllk
|e AACR2
|
| 041 |
|
|
|a slo
|
| 044 |
|
|
|a xo
|c SK
|
| 080 |
|
|
|a 639.1
|2 2001
|
| 080 |
|
|
|a 394.268.7
|2 2001
|
| 245 |
0 |
0 |
|a Patrón lovcov bdel nad poľovníkmi
|c Text a foto (dj)
|
| 300 |
|
|
|b Fotogr.
|
| 611 |
2 |
7 |
|a Hubertovské slávnosti
|n (10. :
|d 2013 :
|c Stará Ľubovňa, Slovensko)
|2 sllk
|9 1095129
|
| 648 |
|
7 |
|a 2013
|2 snkbucl
|9 324251
|
| 650 |
0 |
7 |
|a poľovníctvo
|2 sllk
|9 2774
|
| 651 |
|
7 |
|a Stará Ľubovňa (Slovensko)
|2 sllk
|9 19193
|
| 773 |
0 |
|
|t Ľubovnianske noviny
|g Roč. XXXVII, č. 37 (2013), s. 2
|x 1338-0346
|
| 999 |
|
|
|c 1799528
|d 1801458
|